[Event "DEM U18 2009"]
[Site "Willingen GER"]
[Date "2009.06.06"]
[Round "9"]
[White "Geske, Julian"]
[Black "Wendling, Hannes"]
[Result "1/2-1/2"]
[Termination "normal"]
[Board "4"]
[WhiteElo "2241"]
[BlackElo "2132"]
[PlyCount "91"]
[WhiteFideId "24605263"]
[BlackFideId "24624284"]
[EventCountry "GER"]
[EventRounds "9"]
[EventType "swiss"]
[EventDate "2009.05.30"]

1. e4 e5 2. Nf3 d6 3. d4 exd4 4. Nxd4 Nf6 5. Nc3 Be7 6. g3 d5 7. e5 Ng4 8. Bg2
Nxe5 9. Qe2 Nbc6 10. Nxc6 Nxc6 11. Nxd5 Bh3 12. Nf6+ gxf6 13. Bxh3 Qd5 14. O-O
Nd4 15. Qd3 Nf3+ 16. Kh1 Qxd3 17. cxd3 Ng5 18. Bf5 Ne6 19. Be3 O-O-O 20. Rac1
Kb8 21. Be4 Ng5 22. Bf5 Rd5 23. g4 h5 24. f4 Ne6 25. Rc3 Ng7 26. Be4 Rb5 27.
Rc2 hxg4 28. f5 Bd6 29. Bf4 Nxf5 30. a4 Nd4 31. Bxd6 Nxc2 32. Bxc7+ Kxc7 33.
axb5 Kd6 34. Rxf6+ Ke7 35. Rf2 Nd4 36. Bxb7 f5 37. Kg2 Rh3 38. b4 Rxd3 39. Ra2
Nxb5 40. Ba6 Rd5 41. Bxb5 Rxb5 42. Rxa7+ Kf6 43. h3 gxh3+ 44. Kxh3 Rxb4 45. Kg2
Rb3 46. Ra4 1/2-1/2

[Event "DEM U18 2009"]
[Site "Willingen GER"]
[Date "2009.06.06"]
[Round "9"]
[White "Müller, Reinhold"]
[Black "Dann, Matthias"]
[Result "0-1"]
[Termination "normal"]
[Board "5"]
[WhiteElo "2264"]
[BlackElo "2236"]
[PlyCount "88"]
[WhiteFideId "24605875"]
[BlackFideId "24638056"]
[EventCountry "GER"]
[EventRounds "9"]
[EventType "swiss"]
[EventDate "2009.05.30"]

1. d4 Nf6 2. c4 g6 3. Nc3 Bg7 4. e4 O-O 5. e5 Ne8 6. Nf3 d6 7. exd6 cxd6 8. Be2
Bg4 9. h3 Bxf3 10. Bxf3 Nc6 11. Bxc6 bxc6 12. Bg5 h6 13. Be3 f5 14. Qd2 g5 15.
d5 Nf6 16. h4 f4 17. Bd4 c5 18. Bxf6 exf6 19. O-O-O Re8 20. Rde1 Qd7 21. Qd3 f5
22. Rxe8+ Rxe8 23. hxg5 hxg5 24. Qh3 Qf7 25. Qd3 Qf6 26. g3 Qe5 27. Kc2 a6 28.
gxf4 Qxf4 29. Qd2 Qxd2+ 30. Kxd2 Kf7 31. Ne2 Bxb2 32. Ng3 Kg6 33. Rb1 Be5 34.
Rb6 g4 35. Rxa6 Rb8 36. Ne2 f4 37. Kd3 f3 38. Ng3 Bxg3 39. fxg3 Rf8 40. Rxd6+
Kg5 41. Rb6 f2 42. Rb1 f1=Q+ 43. Rxf1 Rxf1 44. a4 Kf5 0-1

[Event "DEM U18 2009"]
[Site "Willingen GER"]
[Date "2009.06.06"]
[Round "9"]
[White "Kachibadze, Georg"]
[Black "Bigalke, Tobias"]
[Result "0-1"]
[Termination "normal"]
[Board "6"]
[WhiteElo "2171"]
[BlackElo "2112"]
[PlyCount "42"]
[WhiteFideId "24640794"]
[BlackFideId "4698282"]
[EventCountry "GER"]
[EventRounds "9"]
[EventType "swiss"]
[EventDate "2009.05.30"]

1. e4 e6 2. d4 d5 3. Nc3 Bb4 4. exd5 exd5 5. Bd3 Nc6 6. a3 Bd6 7. Nce2 Bg4 8.
Be3 Qd7 9. Qd2 Nge7 10. Bf4 O-O-O 11. O-O-O a6 12. Bxd6 Qxd6 13. Qg5 h5 14. f3
f6 15. Qf4 Qxf4+ 16. Nxf4 Bf5 17. h4 Nxd4 18. Nxh5 Rxh5 19. g4 Rh6 20. gxf5
Ndxf5 21. Re1 Rdh8 0-1

[Event "DEM U18 2009"]
[Site "Willingen GER"]
[Date "2009.06.06"]
[Round "9"]
[White "Falke, Isaak"]
[Black "Hirneise, Jens"]
[Result "0-1"]
[Termination "normal"]
[Board "7"]
[BlackTitle "FM"]
[WhiteElo "1950"]
[BlackElo "2308"]
[PlyCount "92"]
[WhiteFideId "24614483"]
[BlackFideId "24614734"]
[EventCountry "GER"]
[EventRounds "9"]
[EventType "swiss"]
[EventDate "2009.05.30"]

1. e4 c5 2. Nf3 d6 3. d4 cxd4 4. Nxd4 Nf6 5. Nc3 Nc6 6. Bc4 e6 7. Be3 Be7 8.
Qe2 a6 9. O-O-O Qc7 10. Bb3 O-O 11. Rhg1 b5 12. g4 b4 13. Nxc6 Qxc6 14. Nd5
Nxd5 15. exd5 Qb7 16. g5 a5 17. Rg3 e5 18. Ba4 Bd7 19. Bxd7 Qxd7 20. Kb1 Rfc8
21. Qd3 Bd8 22. f4 f5 23. gxf6 Bxf6 24. f5 Rc7 25. Bg5 Rf8 26. Qe4 Qc8 27. Rdg1
Bxg5 28. Rxg5 Rf6 29. Qd3 Rcf7 30. b3 Rxf5 31. Rxf5 Rxf5 32. Qb5 Qd8 33. Rg4
Rf4 34. Rg3 g6 35. Kb2 e4 36. a3 bxa3+ 37. Kxa3 Rf3 38. Rg4 Qe7 39. Qe2 Qe5 40.
Ka4 Rf4 41. Kxa5 Qxd5+ 42. Ka4 Qd4+ 43. b4 Qa1+ 44. Kb3 Rf3+ 45. Kc4 Qa6+ 46.
b5 Qc8+ 0-1

[Event "DEM U18 2009"]
[Site "Willingen GER"]
[Date "2009.06.06"]
[Round "9"]
[White "Pogan, Nicolas"]
[Black "Nuber, Blasius"]
[Result "1/2-1/2"]
[Termination "normal"]
[Board "8"]
[WhiteElo "2050"]
[BlackElo "2104"]
[PlyCount "68"]
[WhiteFideId "24673579"]
[BlackFideId "24620289"]
[EventCountry "GER"]
[EventRounds "9"]
[EventType "swiss"]
[EventDate "2009.05.30"]

1. e4 e5 2. Nf3 Nc6 3. Bb5 a6 4. Bc4 Nf6 5. O-O b5 6. Bb3 Be7 7. Re1 O-O 8. h3
d6 9. c3 Na5 10. Bc2 c5 11. d4 Qc7 12. Nbd2 Bd7 13. Nf1 cxd4 14. cxd4 Rac8 15.
Ne3 Nc6 16. d5 Nb4 17. Bb1 a5 18. a3 Na6 19. b4 Qb7 20. Bd2 Bd8 21. Bd3 axb4
22. axb4 Bb6 23. Qe2 Nc7 24. Nf1 Kh8 25. Ng3 Ng8 26. Nh4 g6 27. Kh2 f6 28. Ra3
Ra8 29. Rea1 Bd4 30. Rxa8 Rxa8 31. Rxa8 Qxa8 32. Nf1 Qa7 33. Ne3 Kg7 34. g3 Ne7
1/2-1/2

[Event "DEM U18 2009"]
[Site "Willingen GER"]
[Date "2009.06.06"]
[Round "9"]
[White "Korman, Maxim"]
[Black "Kelbling, Philipp"]
[Result "1-0"]
[Termination "normal"]
[Board "9"]
[WhiteElo "2170"]
[BlackElo "2072"]
[PlyCount "69"]
[WhiteFideId "24619787"]
[BlackFideId "24669750"]
[EventCountry "GER"]
[EventRounds "9"]
[EventType "swiss"]
[EventDate "2009.05.30"]

1. e4 c5 2. Nc3 a6 3. g3 b5 4. Bg2 Bb7 5. d3 e6 6. Be3 d5 7. exd5 Nf6 8. Ne4
Bxd5 9. Ne2 Nxe4 10. dxe4 Bc6 11. Qxd8+ Kxd8 12. Nf4 Nd7 13. O-O-O Kc7 14. Rd2
Be7 15. Nd5+ Kd8 16. Rhd1 Ra7 17. Nb4 Ba8 18. Nxa6 Kc8 19. Kb1 Bc6 20. Nb4 Ba8
21. Na6 Bc6 22. Nb4 Ba8 23. Nd3 Rc7 24. Bf4 Ra7 25. Ne5 Nxe5 26. Bxe5 f6 27.
Bd6 Rd8 28. Bh3 Bxd6 29. Rxd6 Rxd6 30. Rxd6 Re7 31. Rxe6 Rxe6 32. Bxe6+ Kc7 33.
Bd5 Bxd5 34. exd5 Kd6 35. c4 1-0

[Event "DEM U18 2009"]
[Site "Willingen GER"]
[Date "2009.06.06"]
[Round "9"]
[White "Tkachuk, Konstantyn"]
[Black "Zahn, Benno"]
[Result "1-0"]
[Termination "normal"]
[Board "10"]
[WhiteElo "2214"]
[BlackElo "1881"]
[PlyCount "51"]
[WhiteFideId "24647330"]
[BlackFideId "24636070"]
[EventCountry "GER"]
[EventRounds "9"]
[EventType "swiss"]
[EventDate "2009.05.30"]

1. e4 c5 2. Nf3 d6 3. d4 cxd4 4. Nxd4 Nf6 5. Nc3 g6 6. Be3 Bg7 7. f3 Nc6 8. Qd2
O-O 9. O-O-O Nxd4 10. Bxd4 Be6 11. Kb1 Qc7 12. g4 Rfc8 13. g5 Nh5 14. Bxg7 Kxg7
15. f4 Kg8 16. Bd3 b5 17. f5 Bc4 18. Rhf1 b4 19. Nd5 Bxd5 20. exd5 a5 21. Qe3
Rf8 22. Be2 Ng7 23. f6 Nf5 24. Qh3 Kh8 25. Rxf5 gxf5 26. Rd4 1-0

[Event "DEM U18 2009"]
[Site "Willingen GER"]
[Date "2009.06.06"]
[Round "9"]
[White "Bradler, Stephan"]
[Black "Meißner, Felix"]
[Result "1-0"]
[Termination "normal"]
[Board "11"]
[WhiteElo "2006"]
[BlackElo "2131"]
[PlyCount "49"]
[WhiteFideId "24629367"]
[BlackFideId "24671827"]
[EventCountry "GER"]
[EventRounds "9"]
[EventType "swiss"]
[EventDate "2009.05.30"]

1. e4 c5 2. Nf3 d6 3. d4 cxd4 4. Nxd4 Nf6 5. Nc3 a6 6. Bg5 e6 7. f4 Qb6 8. Qd2
Nc6 9. O-O-O Qxd4 10. Qxd4 Nxd4 11. Rxd4 Be7 12. Be2 h6 13. Bh4 Bd7 14. e5 dxe5
15. fxe5 Ng8 16. Bf3 Bc6 17. Bxc6+ bxc6 18. Ne4 Bxh4 19. Nd6+ Ke7 20. Rxh4 f6
21. Rb4 Rd8 22. Rd1 Rd7 23. Rb8 Rc7 24. Re8+ Kd7 25. Rf8 1-0

[Event "DEM U18 2009"]
[Site "Willingen GER"]
[Date "2009.06.06"]
[Round "9"]
[White "Moshtael, Wesal"]
[Black "Völsgen, Georg"]
[Result "1/2-1/2"]
[Termination "normal"]
[Board "12"]
[WhiteElo "2133"]
[BlackElo "1923"]
[PlyCount "46"]
[WhiteFideId "24618551"]
[BlackFideId "24635901"]
[EventCountry "GER"]
[EventRounds "9"]
[EventType "swiss"]
[EventDate "2009.05.30"]

1. d4 Nf6 2. Nf3 g6 3. g3 Bg7 4. Bg2 O-O 5. O-O d6 6. c4 Nc6 7. Nc3 e5 8. d5
Ne7 9. c5 Ne8 10. cxd6 Nxd6 11. Qb3 b6 12. Rd1 Ba6 13. Qb4 Bb7 14. Bg5 h6 15.
Bxe7 Qxe7 16. Rac1 Qd7 17. Nd2 f5 18. Rc2 Rf7 19. Rdc1 Rc8 20. Nc4 Nxc4 21.
Qxc4 e4 22. Rd1 Bxc3 23. Qxc3 c6 1/2-1/2

[Event "DEM U18 2009"]
[Site "Willingen GER"]
[Date "2009.06.06"]
[Round "9"]
[White "Hirschberg, Valerian"]
[Black "Mory, Martin"]
[Result "1-0"]
[Termination "normal"]
[Board "13"]
[WhiteElo "2079"]
[BlackElo "1794"]
[PlyCount "109"]
[WhiteFideId "24628492"]
[BlackFideId "1271001"]
[EventCountry "GER"]
[EventRounds "9"]
[EventType "swiss"]
[EventDate "2009.05.30"]

1. Nf3 d5 2. c4 e6 3. g3 Nf6 4. Bg2 Bd6 5. O-O O-O 6. d4 b6 7. Nbd2 Bb7 8. b3
Nbd7 9. Bb2 c5 10. cxd5 exd5 11. Rc1 Re8 12. e3 Rc8 13. Nb1 Ne4 14. Nc3 Nxc3
15. Bxc3 Nf6 16. Qe2 Ne4 17. Ba1 Rc7 18. dxc5 bxc5 19. Qb2 f5 20. Rfd1 Rce7 21.
h4 Qc7 22. Bh3 Nxg3 23. fxg3 Rxe3 24. Bg2 Re2 25. Rc2 Rxc2 26. Qxc2 Bxg3 27.
Qxf5 d4 28. Qc2 Bxf3 29. Bxf3 Bxh4 30. Bg2 Qg3 31. Qf5 Qe3+ 32. Kh1 Qe5 33.
Bd5+ Kh8 34. Qxe5 Rxe5 35. Bc4 Re1+ 36. Rxe1 Bxe1 37. Bb2 g5 38. Kg2 Kg7 39.
Kf3 Kf6 40. Kg4 Bd2 41. Bd3 h6 42. Ba3 Bb4 43. Bc1 Ke5 44. Kh5 a5 45. a4 Bc3
46. Kxh6 g4 47. Kg5 g3 48. Bf4+ Kd5 49. Bxg3 Bb4 50. Kf5 Kc6 51. Ke6 Kb6 52.
Kd7 Kb7 53. Be4+ Kb6 54. Bc7+ Ka6 55. Kc6 1-0

[Event "DEM U18 2009"]
[Site "Willingen GER"]
[Date "2009.06.06"]
[Round "9"]
[White "Dupont, Gabriel"]
[Black "Häusler, Felix"]
[Result "1/2-1/2"]
[Termination "normal"]
[Board "14"]
[WhiteElo "1852"]
[BlackElo "1990"]
[PlyCount "122"]
[WhiteFideId "4634802"]
[BlackFideId "24631337"]
[EventCountry "GER"]
[EventRounds "9"]
[EventType "swiss"]
[EventDate "2009.05.30"]

1. d4 Nf6 2. Nf3 g6 3. c4 Bg7 4. Nc3 O-O 5. e4 d6 6. Be2 e5 7. O-O Nc6 8. d5
Ne7 9. b4 Ne8 10. c5 f5 11. Ng5 h6 12. Ne6 Bxe6 13. dxe6 fxe4 14. Bc4 Nf6 15.
cxd6 cxd6 16. Nd5 Rc8 17. Bb3 Nfxd5 18. Bxd5 Nxd5 19. Qxd5 Qe7 20. Qxe4 Rf6 21.
Be3 b6 22. Rac1 Rxc1 23. Rxc1 Rxe6 24. Rc8+ Kh7 25. Qc4 d5 26. Qxd5 Qxb4 27. h3
Qd6 28. Qc4 Bf6 29. Rc7+ Re7 30. Rc6 Qd1+ 31. Kh2 Bg5 32. f4 Bxf4+ 33. Bxf4
exf4 34. Rc8 Rg7 35. Qxf4 Qd7 36. Qf8 g5 37. Qh8+ Kg6 38. Rg8 Rxg8 39. Qxg8+
Qg7 40. Qe8+ Qf7 41. Qe4+ Kg7 42. Qd4+ Kh7 43. Qd3+ Kg7 44. Qd4+ Kg6 45. Qd6+
Qf6 46. Qd3+ Kf7 47. Qd7+ Qe7 48. Qf5+ Kg7 49. Qd5 Qc7+ 50. Kh1 Qc1+ 51. Kh2
Qf4+ 52. Kh1 Qc1+ 53. Kh2 Qc7+ 54. Kh1 Kf6 55. Qd4+ Kf5 56. Qd5+ Kg6 57. Qe6+
Kg7 58. Qd5 a5 59. Qd4+ Kf7 60. Qd5+ Ke7 61. Qe4+ Kd8 1/2-1/2

[Event "DEM U18w 2009"]
[Site "Willingen GER"]
[Date "2009.05.31"]
[Round "1"]
[White "Jussupow, Ekaterina"]
[Black "Hingst, Silke"]
[Result "1-0"]
[Termination "normal"]
[Board "1"]
[WhiteElo "2186"]
[BlackElo "1833"]
[PlyCount "101"]
[WhiteFideId "24625400"]
[BlackFideId "4624564"]
[EventCountry "GER"]
[EventRounds "9"]
[EventType "swiss"]
[EventDate "2009.05.30"]

1. Nf3 d6 2. d4 f5 3. g3 Nf6 4. Bg2 g6 5. b3 Bg7 6. Bb2 O-O 7. O-O Qe8 8. c4
Na6 9. d5 e5 10. dxe6 Qxe6 11. Nd4 Qe7 12. Nc3 c6 13. Re1 Ne4 14. e3 Bd7 15. f3
Nxc3 16. Bxc3 Rae8 17. Qd2 Bh6 18. Nc2 Be6 19. f4 Nc5 20. Bb4 Qc7 21. Kh1 Rf7
22. Rad1 Rd7 23. Ba3 Ne4 24. Bxe4 fxe4 25. Bxd6 Qd8 26. c5 Bg4 27. Qb4 Bxd1 28.
Rxd1 b6 29. Qc4+ Kh8 30. b4 Bf8 31. Qc3+ Kg8 32. Qb3+ Kh8 33. Qc3+ Kg8 34. Qc4+
Kh8 35. Be5+ Rxe5 36. Rxd7 Qxd7 37. fxe5 Qd1+ 38. Kg2 Qf3+ 39. Kg1 Bh6 40. Qd4
Bg5 41. e6+ Bf6 42. e7 Bxd4 43. e8=Q+ Kg7 44. Qd7+ Kh6 45. Qxd4 Kg5 46. Qe5+
Kg4 47. Qd4 h5 48. Ne1 Qf5 49. Nd3 Kg5 50. Nf2 bxc5 51. h4+ 1-0

[Event "DEM U18w 2009"]
[Site "Willingen GER"]
[Date "2009.05.31"]
[Round "1"]
[White "Voss, Chantal"]
[Black "Hannes, Diana"]
[Result "0-1"]
[Termination "normal"]
[Board "2"]
[WhiteElo "1878"]
[BlackElo "2061"]
[PlyCount "104"]
[WhiteFideId "4664906"]
[BlackFideId "24611344"]
[EventCountry "GER"]
[EventRounds "9"]
[EventType "swiss"]
[EventDate "2009.05.30"]

1. d4 Nf6 2. Nf3 e6 3. g3 b6 4. Bg2 Bb7 5. O-O Be7 6. c4 O-O 7. b3 d5 8. Ne5
Na6 9. Bb2 c5 10. e3 Qc8 11. Nd2 dxc4 12. bxc4 Bxg2 13. Kxg2 Nd7 14. Nxd7 Qxd7
15. Qg4 f5 16. Qe2 Bf6 17. Nf3 Rac8 18. Rfd1 Qb7 19. Kg1 Rfe8 20. a3 Nb8 21.
Rd2 Nd7 22. Rad1 cxd4 23. exd4 Qc7 24. Ne5 Bxe5 25. dxe5 Nc5 26. Rd4 Red8 27.
Qd2 Rxd4 28. Qxd4 Na4 29. Bc3 Nxc3 30. Qxc3 Rd8 31. Rd4 Kf7 32. Qe3 Rxd4 33.
Qxd4 Qe7 34. Qd3 Ke8 35. Qf3 Qc7 36. Qh5+ Kf8 37. Qe2 Qc5 38. a4 Qb4 39. Qd3
Qxa4 40. Qd6+ Kf7 41. Kg2 Qxc4 42. Qd7+ Kg6 43. Qe8+ Kh6 44. f4 Qe2+ 45. Kg1 g6
46. Qe7 Qg4 47. Qf8+ Kh5 48. Qf7 Qd1+ 49. Kg2 Qe2+ 50. Kg1 Kg4 51. Qb7 Qe1+ 52.
Kg2 Qe4+ 0-1

[Event "DEM U18w 2009"]
[Site "Willingen GER"]
[Date "2009.05.31"]
[Round "1"]
[White "Mertens, Pauline"]
[Black "Kohm, Vanessa"]
[Result "1-0"]
[Termination "normal"]
[Board "3"]
[WhiteElo "1922"]
[BlackElo "1779"]
[PlyCount "91"]
[WhiteFideId "24671959"]
[BlackFideId "4674472"]
[EventCountry "GER"]
[EventRounds "9"]
[EventType "swiss"]
[EventDate "2009.05.30"]

1. e4 c5 2. Nf3 Nc6 3. d4 cxd4 4. Nxd4 e6 5. Nc3 Nf6 6. Ndb5 d6 7. Bf4 e5 8.
Bg5 a6 9. Na3 Be7 10. Bxf6 Bxf6 11. Nc4 Nd4 12. Nd5 b5 13. Nce3 O-O 14. c3 Nc6
15. a4 Rb8 16. axb5 axb5 17. Be2 Bg5 18. O-O Ne7 19. Nxe7+ Qxe7 20. Nd5 Qb7 21.
Ra5 Bd7 22. Qb3 Bd8 23. Ra3 Bb6 24. Nxb6 Qxb6 25. Rfa1 Bc6 26. Ra6 Qc7 27. Qb4
Rb7 28. h3 h6 29. Ra8 Rxa8 30. Rxa8+ Rb8 31. Rxb8+ Qxb8 32. Bd3 Qb7 33. Qxd6
Bxe4 34. Bxe4 Qxe4 35. Qb8+ Kh7 36. Qxb5 Qe1+ 37. Qf1 Qd2 38. Qb1+ g6 39. c4
Qb4 40. Qc1 Qc5 41. Qc3 e4 42. b4 Qd6 43. c5 Qd1+ 44. Kh2 Qe2 45. Qf6 Qc4 46.
c6 1-0

[Event "DEM U18w 2009"]
[Site "Willingen GER"]
[Date "2009.05.31"]
[Round "1"]
[White "Silz, Elisa"]
[Black "Frey, Alisa"]
[Result "0-1"]
[Termination "normal"]
[Board "4"]
[WhiteElo "1946"]
[BlackElo "1984"]
[PlyCount "78"]
[WhiteFideId "4615352"]
[BlackFideId "24634662"]
[EventCountry "GER"]
[EventRounds "9"]
[EventType "swiss"]
[EventDate "2009.05.30"]

1. d4 d5 2. c4 c6 3. Nf3 Nf6 4. Nc3 e6 5. Bg5 Nbd7 6. e3 Qa5 7. Bxf6 Nxf6 8.
Nd2 Bd6 9. Be2 O-O 10. O-O Qc7 11. h3 e5 12. cxd5 cxd5 13. Nb5 Qe7 14. Nxd6
Qxd6 15. dxe5 Qxe5 16. Qc2 Bf5 17. Qb3 Rfc8 18. Nf3 Qc7 19. Nd4 Be6 20. Bd3 a6
21. Rfd1 Nd7 22. Qa3 Ne5 23. Nf5 Kh8 24. Nd4 Nc6 25. Rac1 Qe5 26. Nf3 Qf6 27.
Be2 Rd8 28. Nd4 Qg5 29. Kh2 Nxd4 30. Rxd4 h6 31. f4 Qf6 32. Qb4 b5 33. Rc6 g5
34. Bg4 Rac8 35. Rxa6 Rg8 36. Bxe6 fxe6 37. Rxd5 gxf4 38. exf4 Qg7 39. Rd2 Qg3+
0-1

[Event "DEM U18w 2009"]
[Site "Willingen GER"]
[Date "2009.05.31"]
[Round "1"]
[White "Penne, Bo"]
[Black "Adermann, Mara"]
[Result "1-0"]
[Termination "normal"]
[Board "5"]
[WhiteElo "1951"]
[BlackElo "1704"]
[PlyCount "55"]
[WhiteFideId "24642193"]
[EventCountry "GER"]
[EventRounds "9"]
[EventType "swiss"]
[EventDate "2009.05.30"]

1. e4 e5 2. Nf3 Nc6 3. Nc3 Nf6 4. d4 exd4 5. Nxd4 Bb4 6. Nxc6 Bxc3+ 7. bxc3
bxc6 8. Bd3 h6 9. O-O d6 10. f4 O-O 11. Qf3 Nh7 12. Ba3 c5 13. e5 Rb8 14. Rad1
Bb7 15. Qg3 Qe8 16. exd6 cxd6 17. Bxh7+ Kxh7 18. Rxd6 Qa4 19. Bxc5 Rg8 20. Bd4
Qxc2 21. Re1 Qxa2 22. Qd3+ g6 23. Re2 Qa1+ 24. Kf2 Rge8 25. Rd7 Kg8 26. Rxb7
Rbc8 27. Rxa7 Qc1 28. Be5 1-0

[Event "DEM U18w 2009"]
[Site "Willingen GER"]
[Date "2009.05.31"]
[Round "1"]
[White "Müller, Anna-Louise"]
[Black "Remy, Janina"]
[Result "0-1"]
[Termination "normal"]
[Board "6"]
[WhiteElo "1581"]
[BlackElo "1991"]
[PlyCount "128"]
[WhiteFideId "4633512"]
[BlackFideId "24627348"]
[EventCountry "GER"]
[EventRounds "9"]
[EventType "swiss"]
[EventDate "2009.05.30"]

1. e4 g6 2. d4 Bg7 3. Nf3 c6 4. Bc4 d5 5. exd5 cxd5 6. Bd3 Bg4 7. c3 Nc6 8. O-O
Nf6 9. Nbd2 O-O 10. Re1 a6 11. Nb3 b5 12. Nc5 Nd7 13. Nxd7 Qxd7 14. Bf4 b4 15.
Qe2 Bxf3 16. Qxf3 e6 17. Qe3 Rfc8 18. h4 bxc3 19. bxc3 Na5 20. Rac1 Nc4 21. Qg3
h6 22. Bxg6 fxg6 23. Qxg6 Qf7 24. Qxe6 Qxe6 25. Rxe6 Kf7 26. Ree1 Re8 27. Kh2
Rxe1 28. Rxe1 Rc8 29. g4 Re8 30. Rxe8 Kxe8 31. Bc1 Nd6 32. f3 Kf7 33. Kg3 Kg6
34. Kf4 Bf6 35. h5+ Kf7 36. Ba3 Nc4 37. Bb4 Bg5+ 38. Kg3 Bd2 39. f4 a5 40. Bc5
Bxc3 41. g5 hxg5 42. fxg5 Ke6 43. h6 Kf7 44. h7 Kg7 45. g6 Ne3 46. Kf4 Ng2+ 47.
Ke5 Nh4 48. Bf8+ Kh8 49. g7+ Kxh7 50. Kxd5 Nf5 51. Bc5 Kxg7 52. Kc4 Be1 53. d5
Kf7 54. Kb5 Ke8 55. a4 Kd7 56. Ka6 Nd6 57. Bd4 Bb4 58. Bb6 Nc4 59. Kb5 Nxb6 60.
Kxb6 Kd6 61. Kb5 Kxd5 62. Kb6 Kc4 63. Kc6 Kb3 64. Kb5 Ka3 0-1

[Event "DEM U18w 2009"]
[Site "Willingen GER"]
[Date "2009.05.31"]
[Round "1"]
[White "Karmann, Anna"]
[Black "Voss, Janine"]
[Result "1/2-1/2"]
[Termination "normal"]
[Board "7"]
[WhiteElo "1903"]
[BlackElo "1838"]
[PlyCount "80"]
[WhiteFideId "24648000"]
[BlackFideId "24677329"]
[EventCountry "GER"]
[EventRounds "9"]
[EventType "swiss"]
[EventDate "2009.05.30"]

1. c4 Nf6 2. Nf3 g6 3. b3 Bg7 4. Bb2 O-O 5. g3 c6 6. Bg2 Na6 7. O-O d5 8. d3
Re8 9. Nbd2 Nc5 10. Rc1 b6 11. b4 Ncd7 12. Ne5 Nxe5 13. Bxe5 Bb7 14. cxd5 Nxd5
15. Bxg7 Kxg7 16. Qb3 Qd7 17. Nf3 e5 18. Rfd1 Qe7 19. d4 exd4 20. Nxd4 Nxb4 21.
Nxc6 Nxc6 22. Bxc6 Bxc6 23. Rxc6 Qxe2 24. Rc7 Re7 25. Qc3+ Kg8 26. Rxe7 Qxe7
27. Re1 Qd7 28. Qf3 Rc8 29. Rd1 Qe7 30. Qg4 Re8 31. Rd7 Qe1+ 32. Kg2 Re7 33.
Rd8+ Kg7 34. Ra8 Qd2 35. Qf3 a5 36. a3 b5 37. Ra6 Qb2 38. Rxa5 Rc7 39. Qe3 Rc2
40. Ra7 Qc3 1/2-1/2

[Event "DEM U18w 2009"]
[Site "Willingen GER"]
[Date "2009.05.31"]
[Round "1"]
[White "Lorenz, Nicole"]
[Black "Wisheckel, Lena"]
[Result "1-0"]
[Termination "normal"]
[Board "9"]
[WhiteElo "1842"]
[BlackElo "1672"]
[PlyCount "55"]
[WhiteFideId "24623709"]
[BlackFideId "24691992"]
[EventCountry "GER"]
[EventRounds "9"]
[EventType "swiss"]
[EventDate "2009.05.30"]

1. e4 e5 2. Bc4 Nf6 3. d3 Nc6 4. Nf3 Bc5 5. O-O d6 6. c3 a6 7. Bb3 Ba7 8. Bg5
h6 9. Be3 O-O 10. Bxa7 Rxa7 11. Re1 Nh5 12. Nbd2 Qf6 13. g3 g5 14. Kg2 Ng7 15.
Nf1 Be6 16. Bc2 d5 17. N1d2 Qe7 18. d4 dxe4 19. Nxe5 Nxe5 20. dxe5 Qc5 21. Bxe4
Rd8 22. Qe2 Kh8 23. Bc2 Raa8 24. Nb3 Qe7 25. Rad1 Rab8 26. Kf1 Re8 27. Nd4 Bd7
28. Qd3 1-0

[Event "DEM U18w 2009"]
[Site "Willingen GER"]
[Date "2009.05.31"]
[Round "1"]
[White "Herbold, Nora Marina"]
[Black "Strößner, Lena"]
[Result "1-0"]
[Termination "normal"]
[Board "10"]
[WhiteElo "1608"]
[BlackElo "1989"]
[PlyCount "39"]
[WhiteFideId "4624548"]
[BlackFideId "4623525"]
[EventCountry "GER"]
[EventRounds "9"]
[EventType "swiss"]
[EventDate "2009.05.30"]

1. e4 e6 2. Nf3 d5 3. e5 c5 4. b4 b6 5. bxc5 bxc5 6. c3 Nc6 7. d4 Qa5 8. Bd2
cxd4 9. cxd4 Qb6 10. Nc3 Nge7 11. Na4 Qd8 12. Nc5 Rb8 13. Qa4 Qb6 14. Bd3 g6
15. O-O Bg7 16. Rab1 Qc7 17. Rxb8 Qxb8 18. Bb5 Bb7 19. Rc1 Qa8 20. Nxb7 1-0

[Event "DEM U18w 2009"]
[Site "Willingen GER"]
[Date "2009.05.31"]
[Round "1"]
[White "van Orsouw, Svenja"]
[Black "Häcker, Katrin"]
[Result "1-0"]
[Termination "normal"]
[Board "11"]
[WhiteElo "1697"]
[BlackElo "1604"]
[PlyCount "33"]
[WhiteFideId "24677124"]
[BlackFideId "24667986"]
[EventCountry "GER"]
[EventRounds "9"]
[EventType "swiss"]
[EventDate "2009.05.30"]

1. e4 e5 2. Nf3 Nc6 3. Bb5 a6 4. Bxc6 dxc6 5. Nc3 Bd6 6. d4 exd4 7. Qxd4 f6 8.
Be3 Bg4 9. e5 Bxf3 10. exd6 Bh5 11. Qe4+ Kf7 12. Qc4+ Kf8 13. dxc7 Qxc7 14.
Qc5+ Ne7 15. Qxh5 Ng6 16. Qc5+ Ke8 17. O-O-O 1-0

[Event "DEM U18w 2009"]
[Site "Willingen GER"]
[Date "2009.05.31"]
[Round "1"]
[White "Knof, Henrike"]
[Black "Zimmer, Ketsarin"]
[Result "0-1"]
[Termination "normal"]
[Board "12"]
[WhiteElo "1486"]
[BlackElo "1710"]
[PlyCount "62"]
[BlackFideId "4696182"]
[EventCountry "GER"]
[EventRounds "9"]
[EventType "swiss"]
[EventDate "2009.05.30"]

1. e4 c5 2. Nf3 Nc6 3. d4 cxd4 4. Nxd4 g6 5. Bc4 Bg7 6. Ne2 Nf6 7. Nbc3 O-O 8.
O-O d6 9. h3 Bd7 10. Kh1 Qc8 11. Ng1 a6 12. Bd3 b5 13. f4 Nh5 14. Nce2 Qb7 15.
c3 Rac8 16. Rf3 Na5 17. Ng3 Nxg3+ 18. Rxg3 Nc4 19. Nf3 f5 20. exf5 Bxf5 21.
Bxf5 Rxf5 22. Nd4 Qd5 23. Qg1 Rh5 24. b3 Nb6 25. Bb2 e5 26. fxe5 Bxe5 27. Rd3
Qe4 28. Rad1 Nd7 29. Re3 Qb7 30. Rf3 Nf6 31. g4 Rxh3+ 0-1

[Event "DEM U18w 2009"]
[Site "Willingen GER"]
[Date "2009.05.31"]
[Round "1"]
[White "Breitwieser, Jasmin"]
[Black "Stein, Simone"]
[Result "1-0"]
[Termination "normal"]
[Board "13"]
[WhiteElo "1874"]
[BlackElo "1351"]
[PlyCount "75"]
[WhiteFideId "24601705"]
[BlackFideId "24692875"]
[EventCountry "GER"]
[EventRounds "9"]
[EventType "swiss"]
[EventDate "2009.05.30"]

1. e4 c5 2. Nc3 d6 3. Nf3 Nf6 4. d4 cxd4 5. Nxd4 g6 6. Be3 Bg7 7. f3 O-O 8. Qd2
Nc6 9. O-O-O Bd7 10. g4 Ne5 11. h4 Rc8 12. h5 Nc4 13. Bxc4 Rxc4 14. Kb1 a6 15.
b3 Rc7 16. hxg6 fxg6 17. Bh6 Qc8 18. Bxg7 Kxg7 19. Nd5 Rf7 20. Nxc7 Qxc7 21.
Ne2 Kg8 22. Qh6 e5 23. Qd2 Ne8 24. Nc3 Rxf3 25. Nd5 Qd8 26. Qh6 Rf7 27. Rdf1
Rg7 28. g5 Be6 29. Rh2 Bxd5 30. exd5 Qe7 31. Rhf2 Nc7 32. Qh3 Qd8 33. Rf6 Re7
34. c4 b6 35. Qf3 Re8 36. Rxg6+ Kh8 37. Rh1 Qe7 38. Rxh7+ 1-0

[Event "DEM U18w 2009"]
[Site "Willingen GER"]
[Date "2009.05.31"]
[Round "2"]
[White "Kickert, Germaine Helene"]
[Black "Jussupow, Ekaterina"]
[Result "0-1"]
[Termination "normal"]
[Board "1"]
[WhiteElo "1933"]
[BlackElo "2186"]
[PlyCount "88"]
[WhiteFideId "24614890"]
[BlackFideId "24625400"]
[EventCountry "GER"]
[EventRounds "9"]
[EventType "swiss"]
[EventDate "2009.05.30"]

1. e4 e5 2. Nf3 Nc6 3. Bc4 Bc5 4. O-O d6 5. c3 Qf6 6. b4 Bb6 7. a4 a5 8. b5 Nd8
9. d3 h6 10. Be3 Ne7 11. Bxb6 cxb6 12. Qe2 O-O 13. Qe3 Bg4 14. Nfd2 Ne6 15.
Bxe6 fxe6 16. f3 Bh5 17. Qxb6 Ng6 18. Nc4 Qg5 19. Qe3 Nf4 20. Ra2 d5 21. h4
Qxh4 22. exd5 exd5 23. Nxe5 Rf5 24. d4 Rg5 25. Ng4 Rf5 26. Qf2 Qg5 27. Qg3 Re8
28. Kh2 Ne2 29. Qf2 Qf4+ 30. g3 Nxg3 31. Qxg3 Bxg4 32. Rg2 Qxg3+ 33. Kxg3 Bh5
34. Rc2 Re3 35. Nd2 Re2 36. f4 g5 37. c4 dxc4 38. Rf2 gxf4+ 39. Rxf4 Rg5+ 40.
Kh3 Rgg2 41. Rf1 Rxd2 42. Rxc4 Bg4+ 43. Kh4 Rd3 44. Rh1 Be6 0-1